The new musical express. (Record no. 79)
[ view plain ]
| 000 -LEADER | |
|---|---|
| fixed length control field | 00812cas a2200289 a 4500 |
| 001 - CONTROL NUMBER | |
| control field | 2730434 |
| 005 - DATE AND TIME OF LATEST TRANSACTION | |
| control field | 20200421093818.0 |
| 008 - FIXED-LENGTH DATA ELEMENTS--GENERAL INFORMATION | |
| fixed length control field | 890224c19529999enkwr p 0 a0eng d |
| 010 ## - LIBRARY OF CONGRESS CONTROL NUMBER | |
| LC control number | sn 89025401 |
| 022 ## - INTERNATIONAL STANDARD SERIAL NUMBER | |
| International Standard Serial Number | 0028-6362 |
| 042 ## - AUTHENTICATION CODE | |
| Authentication code | lcd |
| 245 04 - TITLE STATEMENT | |
| Title | The new musical express. |
| 246 13 - VARYING FORM OF TITLE | |
| Title proper/short title | NME |
| 260 ## - PUBLICATION, DISTRIBUTION, ETC. | |
| Place of publication, distribution, etc. | London : |
| Name of publisher, distributor, etc. | New Musical Express |
| Date of publication, distribution, etc. | 1946- |
| 300 ## - PHYSICAL DESCRIPTION | |
| Extent | v. : |
| Other physical details | ill. ; |
| Dimensions | 43 cm. |
| 310 ## - CURRENT PUBLICATION FREQUENCY | |
| Current publication frequency | Weekly |
| 362 0# - DATES OF PUBLICATION AND/OR SEQUENTIAL DESIGNATION | |
| Dates of publication and/or sequential designation | No. 1 (24 Dec. 1946)- |
| 500 ## - GENERAL NOTE | |
| General note | Title from cover. |
| 530 ## - ADDITIONAL PHYSICAL FORM AVAILABLE NOTE | |
| Additional physical form available note | Also available on microfilm. |
| 590 ## - LOCAL NOTE (RLIN) | |
| Local note | Library does not hold previous title. |
| 650 #0 - SUBJECT ADDED ENTRY--TOPICAL TERM | |
| Topical term or geographic name entry element | Rock music |
| Form subdivision | Periodicals. |
| 9 (RLIN) | 716 |
| 650 #0 - SUBJECT ADDED ENTRY--TOPICAL TERM | |
| Topical term or geographic name entry element | Rock musicians |
| Form subdivision | Periodicals. |
| 9 (RLIN) | 717 |
| 650 #0 - SUBJECT ADDED ENTRY--TOPICAL TERM | |
| Topical term or geographic name entry element | Popular culture |
| Form subdivision | Periodicals. |
| 9 (RLIN) | 718 |
| 780 00 - PRECEDING ENTRY | |
| Title | Musical express (London, England) |
| 942 ## - ADDED ENTRY ELEMENTS (KOHA) | |
| Source of classification or shelving scheme | Dewey Decimal Classification |
| Koha item type | Books |
| 956 ## - LOCAL ELECTRONIC LOCATION AND ACCESS (OCLC) | |
| Host name | NLS |
No items available.